[Event "Défi"]
[Site "www.echecsemail.com"]
[Date "2026.01.28"]
[Round "1"]
[White "Bilitis"]
[Black "Fragol"]
[WhiteElo "1750"]
[BlackElo "1720"]
[Result "1-0"]
1.d4 d5
2.Ng1f3 Bc8g4
3.e3 e6
4.Bf1e2 Qd8f6
5.Nb1d2 Bf8d6
6.c4 c5
7.cxd5 Ng8e7
8.dxe6 Bg4xe6
9.b3 O-O
10.Bc1b2 Nb8c6
11.Ra1b1 cxd4
12.exd4 Be6d5
13.O-O Ne7f5
14.Nd2c4 b5
15.Nc4xd6 Qf6xd6
16.Be2xb5 a6
17.Bb5c4 Bd5xc4
18.bxc4 Qd6g6
19.Bb2c3 Nf5h6
20.d5 Ra8d8
21.Rf1e1 Nh6f5
22.Qd1e2 Nc6e7
23.Bc3b4 Rd8d7
24.Nf3e5 Nf5d4
25.Ne5xg6 Nd4xe2
26.Re1xe2 fxg6
27.Bb4xe7 Rf8e8
28.d6 Re8c8
29.Re2e4 { abandon }1-0

[Event "Tournoi n27298"]
[Site "www.echecsemail.com"]
[Date "2026.01.28"]
[Round "1"]
[White "Nicadria22"]
[Black "1thibou"]
[WhiteElo "1940"]
[BlackElo "1810"]
[Result "1-0"]
1.e4 Ng8f6
2.e5 Nf6d5
3.d4 d6
4.c4 Nd5b6
5.exd6 cxd6
6.Nb1c3 g6
7.Bc1e3 Bf8g7
8.Ra1c1 O-O
9.Bf1d3 Rf8e8
10.Ng1e2 Nb8c6
11.a3 Nb6d7
12.O-O a6
13.Rf1e1 Nd7f6
14.h3 d5
15.c5 e5
16.Qd1d2 b6
17.cxb6 Ra8b8
18.Nc3a4 Bc8d7
19.Na4c5 a5
20.Nc5xd7 Nf6xd7
21.Rc1xc6 a4
22.Rc6d6 Rb8xb6
23.Rd6xd5 Re8e7
24.Qd2a5 Qd8b8
25.Bd3b5 Nd7f6
26.Rd5xe5 Re7xe5
27.dxe5 Rb6xb5
28.Qa5xa4 Rb5xe5
29.Be3f4 Qb8e8
30.Qa4xe8 Re5xe8
31.Bf4c1 Nf6d7
32.Kf1 Nd7c5
33.b4 Nc5e4
34.Ne2f4 Bg7d4
35.Bc1e3 Bd4xe3
36.Re1xe3 f5
37.Re3e2 Re8d8
38.Re2e1 Rd8e8
39.Re1e3 g5
40.Nf4d5 Kg7
41.Kg1 Kg6
42.f3 f4
43.Nd5xf4 gxf4
44.Re3xe4 { abandon }1-0

[Event "1801"]
[Site "www.echecsemail.com"]
[Date "2026.01.28"]
[Round "1"]
[White "Turbo"]
[Black "4x4"]
[WhiteElo "1350"]
[BlackElo "1440"]
[Result "1-0"]
1.e4 e5
2.Ng1f3 d6
3.Bf1c4 Bc8e6
4.Bc4xe6 fxe6
5.O-O Nb8c6
6.h3 Nc6d4
7.Nf3xd4 exd4
8.c3 e5
9.d3 Qd8d7
10.cxd4 O-O-O
11.d5 c5
12.Qd1d2 Ng8f6
13.a4 Qd7c7
14.b3 b6
15.Qd2e2 g6
16.Bc1g5 Bf8e7
17.Nb1c3 h6
18.Bg5e3 g5
19.Nc3b5 Qc7b7
20.a5 Rd8d7
21.a6 Qb7b8
22.b4 Be7d8
23.f4 gxf4
24.Be3d2 Nf6e8
25.Qe2g4 Ne8c7
26.Nb5xd6 1-0

[Event "Coupe Niveau 1"]
[Site "www.echecsemail.com"]
[Date "2026.01.28"]
[Round "1"]
[White "Jeff75019"]
[Black "Jlr"]
[WhiteElo "1460"]
[BlackElo "1410"]
[Result "0-1"]
1.e4 e5
2.Ng1f3 Ng8f6
3.Bf1c4 Nb8c6
4.d4 Nf6xe4
5.dxe5 Bf8c5
6.Bc1e3 Bc5xe3
7.fxe3 Qd8e7
8.Qd1d5 Qe7b4
9.c3 Qb4xb2
10.Qd5xf7 Kd8
11.O-O Qb2xa1
12.Nb1a3 Qa1xc3
13.Nf3g5 Qc3xe3
14.Kh1 Qe3xg5
15.Na3c2 Nc6xe5
16.h3 Ne5xf7
17.Rf1xf7 Qg5c1
18.Kh2 Qc1xc2
19.Bc4d5 Ne4g5
20.Rf7xg7 Ng5xh3
21.a3 Qc2f5
22.Bd5f3 Nh3f2
23.Bf3g4 Qf5f4
24.Kg1 Nf2xg4
{ abandon }0-1

[Event "Défi( 10J+24H/c 10J Max )"]
[Site "www.echecsemail.com"]
[Date "2026.01.28"]
[Round "1"]
[White "Jajaf1959"]
[Black "Roidechecs"]
[WhiteElo "1920"]
[BlackElo "1220"]
[Result "1-0"]
1.d4 d5
2.c4 dxc4
3.e4 Nb8c6
4.Bf1xc4 e6
5.Ng1f3 Ng8f6
6.e5 Nf6d5
7.O-O h6
8.Nb1c3 Nd5xc3
9.bxc3 f6
10.exf6 gxf6
11.Rf1e1 Bf8e7
12.Bc4xe6 Bc8xe6
13.Re1xe6 Qd8d5
14.Qd1b3 Qd5d7
15.Bc1a3 Nc6a5
16.Qb3b4 b6
17.Re6xe7 Qd7xe7
18.Qb4xe7 1-0

[Event "1001"]
[Site "www.echecsemail.com"]
[Date "2026.01.28"]
[Round "1"]
[White "Qsdmlk"]
[Black "4x4"]
[WhiteElo "1530"]
[BlackElo "1490"]
[Result "1-0"]
1.d4 d5
2.Ng1f3 e6
3.e3 Ng8f6
4.Bf1b5 c6
5.Bb5a4 b5
6.Ba4b3 Nb8d7
7.O-O Nf6e4
8.a4 Bc8a6
9.axb5 Ba6xb5
10.Rf1e1 Bf8d6
11.c3 O-O
12.Qd1c2 f5
13.Nb1d2 Nd7f6
14.c4 Ne4xd2
15.Bc1xd2 dxc4
16.Bb3xc4 Bb5xc4
17.Qc2xc4 Rf8e8
18.Qc4xc6 Ra8c8
19.Qc6b5 Qd8b6
20.Qb5d3 Rc8a8
21.b3 Nf6e4
22.Ra1a6 Qb6c7
23.Re1c1 Qc7b7
24.Qd3c4 Kf7
25.Bd2e1 Kf6
26.b4 Ra8c8
27.Ra6c6 Rc8xc6
28.Qc4xc6 Qb7xc6
29.Rc1xc6 Re8b8
30.d5 exd5
31.Nf3d2 Rb8xb4
32.Nd2xe4 fxe4
33.Rc6xd6 Ke5
34.Be1xb4 a5
35.Bb4c5 a4
36.Rd6d7 Ke6
37.Rd7xg7 h5
38.Rg7h7 Ke5
39.Rh7xh5 Ke6
40.Rh5h6 Kd7
41.Bc5a3 Ke8
42.g4 Kf7
43.h4 Kg7
44.Rh6d6 Kf7
45.Rd6xd5 Ke6
46.Rd5a5 Kf6
47.Ra5xa4 Ke5
48.g5 Kf5
49.Kg2 Kg4
50.g6 Kxh4
51.g7 { abandon }1-0

[Event "1801"]
[Site "www.echecsemail.com"]
[Date "2026.01.28"]
[Round "1"]
[White "Katastrofic"]
[Black "4x4"]
[WhiteElo "1370"]
[BlackElo "1440"]
[Result "0-1"]
1.e4 e5
2.Bf1c4 d6
3.h3 Bc8e6
4.Bc4xe6 fxe6
5.Ng1f3 Nb8c6
6.a3 Qd8d7
7.c4 O-O-O
8.b4 Ng8f6
9.d3 g6
10.Bc1d2 Nc6d4
11.Nf3xd4 exd4
12.Bd2g5 Bf8e7
13.Bg5xf6 Be7xf6
14.a4 e5
15.O-O c5
16.b5 b6
17.a5 Rd8e8
18.axb6 axb6
19.Ra1a6 Qd7b7
20.Qd1a4 Re8e7
21.Ra6a8 Kc7
22.Ra8a7 Rh8b8
23.Ra7xb7 Rb8xb7
24.f4 Kb8
25.f5 gxf5
26.Qa4d1 f4
27.g3 Re7g7
28.Kh2 Rg7xg3
29.Rf1g1 Rb7g7
30.Qd1h5 Rg3xg1
31.Qh5f3 Rg1xb1
{ abandon }0-1

[Event "Défi( 10J+24H/c 10J Max )"]
[Site "www.echecsemail.com"]
[Date "2026.01.28"]
[Round "1"]
[White "Patau"]
[Black "Jeff75019"]
[WhiteElo "1700"]
[BlackElo "1460"]
[Result "1/2-1/2"]
1.e4 e5
2.Ng1f3 Nb8c6
3.d4 Qd8e7
4.dxe5 Qe7b4
5.Nb1c3 Bf8c5
6.Bf1d3 Qb4b6
7.O-O h6
8.Nc3a4 Qb6b4
9.Na4xc5 Qb4xc5
10.Bc1e3 Qc5d6
11.exd6 cxd6
12.Nf3d4 { nul }1/2-1/2

[Event "Défi"]
[Site "www.echecsemail.com"]
[Date "2026.01.28"]
[Round "1"]
[White "Turbo"]
[Black "Solnic"]
[WhiteElo "1340"]
[BlackElo "1290"]
[Result "1-0"]
1.e4 e5
2.Ng1f3 d6
3.h3 a6
4.a3 h6
5.b4 b5
6.c4 Bc8b7
7.c5 Bb7xe4
8.d3 dxc5
9.Nf3xe5 Be4d5
10.Nb1c3 Qd8e7
11.Bc1f4 c4
12.Nc3xd5 Qe7d6
13.dxc4 f6
14.Qd1h5 g6
15.Qh5xg6 Kd8
16.Ne5f7 Kd7
17.Nf7xd6 Bf8xd6
18.Qg6g7 Ke6
19.Qg7xh8 Nb8c6
20.Bf4xd6 Kxd6
21.Ra1d1 Nc6d4
22.Rd1xd4 Ra8e8
23.Nd5e3 Ke5
24.Rd4g4 h5
25.Rg4xg8 Re8e6
26.Qh8xh5 f5
27.Qh5xf5 Kd6
28.Qf5c5 Kd7
29.cxb5 axb5
30.Bf1xb5 c6
31.Bb5c4 Re6f6
32.Rg8g7 Kd8
33.Qc5a7 { abandon }1-0

[Event "Défi"]
[Site "www.echecsemail.com"]
[Date "2026.01.28"]
[Round "1"]
[White "Petitlulu64"]
[Black "Pierre1"]
[WhiteElo "1710"]
[BlackElo "1780"]
[Result "1-0"]
1.d4 d5
2.Ng1f3 g6
3.e3 c6
4.Nf3e5 f6
5.Ne5f3 Bc8e6
6.Bc1d2 Qd8b6
7.b3 Ng8h6
8.Nb1c3 Nh6f5
9.Nc3a4 Qb6c7
10.Na4c5 Be6d7
11.Bf1d3 b6
12.Nc5xd7 Nb8xd7
13.O-O b5
14.e4 dxe4
15.Bd3xe4 e6
16.b4 Bf8d6
17.c3 h5
18.h3 h4
19.Be4xf5 exf5
20.Bd2e3 g5
21.d5 g4
22.Nf3d4 f4
23.Nd4e6 Qc7c8
24.Qd1xg4 Nd7e5
25.Qg4xf4 Qc8d7
26.Qf4xf6 Rh8f8
27.Ne6g7 { abandon }1-0

[Event "Défi( 10J+24H/c 10J Max )"]
[Site "www.echecsemail.com"]
[Date "2026.01.28"]
[Round "1"]
[White "Katastrofic"]
[Black "Jetjet91330"]
[WhiteElo "1390"]
[BlackElo "2110"]
[Result "0-1"]
1.e4 e5
2.Bf1c4 Ng8f6
3.d3 Nb8c6
4.a3 Bf8e7
5.h3 O-O
6.Ng1f3 d5
7.exd5 Nf6xd5
8.O-O b6
9.Rf1e1 Bc8b7
10.Bc4xd5 Qd8xd5
11.c4 Qd5d6
12.Nb1c3 Qd6g6
13.Nc3e4 h6
14.b4 f5
15.Ne4c3 Ra8d8
16.Nc3d5 Rf8f7
17.Nf3xe5 Nc6xe5
18.Re1xe5 Bb7xd5
19.Re5xd5 Rd8xd5
20.cxd5 Qg6f6
21.Ra1a2 Qf6d4
22.Qd1f3 Qd4e5
23.Ra2e2 Qe5d6
24.Bc1f4 Qd6d7
25.d4 Rf7f8
26.d6 Be7xd6
27.d5 Bd6xf4
28.Qf3xf4 Qd7xd5
29.Qf4xc7 Qd5d1
{ abandon }0-1

[Event "Tournoi n27411"]
[Site "www.echecsemail.com"]
[Date "2026.01.28"]
[Round "1"]
[White "Oranmore"]
[Black "Verson"]
[WhiteElo "1920"]
[BlackElo "1840"]
[Result "1-0"]
1.c4 Ng8f6
2.d4 e6
3.Ng1f3 d5
4.e3 c6
5.a3 Bf8d6
6.c5 Bd6c7
7.Bf1d3 O-O
8.Nb1c3 Nb8d7
9.b4 e5
10.dxe5 Nd7xe5
11.Nf3xe5 Bc7xe5
12.Bc1b2 Bc8g4
13.Qd1c2 Qd8c7
14.h3 Bg4h5
15.O-O Bh5g6
16.Bd3xg6 hxg6
17.Nc3e2 Rf8e8
18.Bb2xe5 Qc7xe5
19.Ne2d4 a6
20.a4 Nf6e4
21.Ra1a2 Qe5g5
22.b5 axb5
23.axb5 cxb5
24.Ra2xa8 Re8xa8
25.Nd4xb5 Ra8c8
26.Qc2b2 Rc8xc5
27.Nb5d4 Ne4d6
28.Qb2b4 Rc5c4
29.Qb4xd6 Kh7
30.Qd6d7 b6
31.Qd7xf7 Qg5e5
32.Qf7e6 { abandon }1-0

[Event "1801"]
[Site "www.echecsemail.com"]
[Date "2026.01.28"]
[Round "1"]
[White "4x4"]
[Black "Katastrofic"]
[WhiteElo "1440"]
[BlackElo "1370"]
[Result "0-1"]
1.Nb1c3 e5
2.e4 d6
3.d3 Bf8e7
4.Bc1e3 Ng8f6
5.Qd1d2 a6
6.O-O-O h6
7.Ng1f3 O-O
8.Nc3d5 Nf6h7
9.Kb1 c6
10.Nd5c3 Be7g5
11.Bf1e2 Bg5xe3
12.fxe3 Bc8g4
13.h3 Bg4xf3
14.gxf3 b5
15.f4 f6
16.f5 a5
17.Be2h5 Ra8a7
18.Bh5g6 c5
19.h4 b4
20.Nc3d5 Nb8c6
21.b3 a4
22.c4 axb3
23.axb3 Qd8a8
24.Qd2b2 Ra7a3
25.Kc2 Ra3a2
26.Rd1a1 Ra2xb2
27.Kxb2 Qa8b7
28.Ra1a4 Rf8b8
29.Rh1a1 Nh7f8
30.d4 Nf8xg6
31.fxg6 Rb8d8
32.dxe5 fxe5
33.Ra1f1 Rd8f8
34.Rf1xf8 Kxf8
35.Kc2 Nc6e7
36.Nd5xe7 Kxe7
37.Kd2 Qb7xe4
38.Ra4a7 Kf6
39.Ra7f7 Kxg6
40.Rf7d7 Qe4xh4
41.Rd7xd6 Qh4f6
42.Rd6xf6 Kxf6
43.Kd3 Kf5
44.Ke2 Ke4
45.Kd2 g5
46.Ke2 h5
47.Kf2 Kd3
48.Kf3 e4
49.Kf2 Kd2
50.Kg3 Kxe3
{ abandon }0-1

[Event "Tournoi échelle division 2"]
[Site "www.echecsemail.com"]
[Date "2026.01.28"]
[Round "1"]
[White "Patau"]
[Black "Lancien57"]
[WhiteElo "1710"]
[BlackElo "1440"]
[Result "0-1"]
1.e4 e5
2.Ng1f3 d6
3.d4 exd4
4.Qd1xd4 Ng8f6
5.h3 Bc8d7
6.Nb1c3 Nb8c6
7.Qd4d1 Bf8e7
8.Bf1c4 Nc6e5
9.Qd1e2 h6
10.Bc1e3 a6
11.Nf3xe5 dxe5
12.O-O-O O-O
13.Rd1d2 c6
14.Rh1d1 b5
15.Bc4b3 Ra8b8
16.a3 Rb8b7
17.f3 c5
18.Bb3d5 Nf6xd5
19.Nc3xd5 c4
20.Nd5xe7 Qd8xe7
21.Qe2f2 Rf8d8
22.Qf2g3 Kh7
23.Rd2d5 f6
24.Be3c5 Qe7f7
25.f4 exf4
26.Qg3xf4 Rd8c8
27.e5 f5
28.g4 g6
29.g5 hxg5
30.Qf4xg5 Bd7e6
31.Qg5h4 Kg7
32.Qh4g5 Rb7c7
33.Qg5f6 Qf7xf6
34.exf6 Kxf6
35.Bc5d4 Kg5
36.Rd5d6 Rc8e8
37.Rd6xa6 Be6c8
38.Bd4f6 Kh6
39.h4 Kh5
40.Ra6d6 Re8f8
41.Bf6g5 c3
42.b3 Rc7b7
43.Rd6d8 Rf8xd8
44.Rd1xd8 Bc8e6
45.Rd8a8 Be6d5
46.a4 b4
47.Ra8d8 Bd5c6
48.Kd1 Bc6f3
49.Ke1 Kg4
50.Rd8d6 Rb7g7
51.Rd6b6 Rg7d7
52.Rb6xb4 Kg3
{ abandon }0-1

[Event "Tournoi n27369"]
[Site "www.echecsemail.com"]
[Date "2026.01.28"]
[Round "1"]
[White "Jm29"]
[Black "Vb83"]
[WhiteElo "1510"]
[BlackElo "1440"]
[Result "1-0"]
1.e4 e6
2.d4 Ng8f6
3.e5 Nf6d5
4.Bf1b5 c6
5.Bb5e2 Bf8e7
6.Ng1f3 O-O
7.O-O a5
8.c4 Nd5c7
9.Nb1c3 Be7b4
10.Bc1g5 Qd8e8
11.a3 Bb4xc3
12.bxc3 b5
13.cxb5 cxb5
14.Qd1d2 h6
15.Bg5h4 Bc8a6
16.Ra1c1 Nc7d5
17.c4 bxc4
18.Be2xc4 Ba6xc4
19.Rc1xc4 Nb8c6
20.Rc4c1 f6
21.exf6 Nd5xf6
22.h3 Nf6e4
23.Qd2e2 d5
24.Nf3e5 Nc6xe5
25.dxe5 g5
26.Bh4g3 Ne4xg3
27.fxg3 Rf8xf1
28.Rc1xf1 Qe8e7
29.Qe2h5 Qe7g7
30.Qh5g4 Qg7xe5
31.Qg4h5 Qe5xg3
32.Qh5g6 Kh8
33.Qg6xh6 Kg8
34.Qh6xe6 { abandon }1-0

[Event "Tournoi n27366"]
[Site "www.echecsemail.com"]
[Date "2026.01.28"]
[Round "1"]
[White "Katastrofic"]
[Black "Roxane"]
[WhiteElo "1370"]
[BlackElo "1450"]
[Result "1-0"]
1.e4 c5
2.Bf1c4 Nb8c6
3.a3 e5
4.h3 Ng8f6
5.d3 Nc6d4
6.Ng1f3 d6
7.Nf3g5 d5
8.exd5 h6
9.Ng5f3 Nf6xd5
10.Nf3xe5 Bf8d6
11.Ne5xf7 Kxf7
12.Bc4xd5 Bc8e6
13.Bd5xe6 Nd4xe6
14.Qd1f3 Ke7
15.O-O Ra8b8
16.Nb1c3 Rh8f8
17.Qf3e2 Kd7
18.f3 Ne6d4
19.Qe2d2 Nd4f5
20.Nc3e4 Bd6e5
21.Ne4xc5 Kc8
22.Nc5e6 Qd8b6
23.d4 Qb6xe6
24.dxe5 Qe6b6
25.Rf1f2 Nf5h4
26.Qd2d6 Qb6xd6
27.exd6 Kd7
28.Bc1d2 Rb8c8
29.Bd2b4 Nh4f5
30.Rf2d2 Rc8c4
31.Ra1d1 Nf5e3
32.Rd1e1 Ne3xc2
33.Re1c1 Nc2xb4
34.Rc1xc4 Nb4c6
35.b4 b5
36.Rc4g4 Nc6e5
37.Rg4xg7 Ne5f7
38.Rd2d5 Ke6
39.Rd5xb5 Nf7xd6
40.Rb5a5 Nd6c4
41.Ra5a6 Nc4d6
42.Rg7g6 Ke7
43.Ra6xa7 Ke8
44.Rg6xd6 h5
45.Rd6b6 Rf8f5
46.Rb6b8 1-0

[Event "BHOUTAN"]
[Site "www.echecsemail.com"]
[Date "2026.01.28"]
[Round "1"]
[White "Mindthegap"]
[Black "Luc20"]
[WhiteElo "1440"]
[BlackElo "1830"]
[Result "0-1"]
1.e4 e5
2.Ng1f3 Ng8f6
3.Nf3xe5 d6
4.Ne5f3 Nf6xe4
5.Nb1c3 Ne4xc3
6.dxc3 Bc8g4
7.h3 Bg4h5
8.g4 Bh5g6
9.Bf1e2 Nb8c6
10.O-O Bf8e7
11.Rf1e1 O-O
12.Bc1e3 Nc6e5
13.Nf3xe5 dxe5
14.Qd1xd8 Rf8xd8
15.Ra1c1 b6
16.Be2f3 Ra8b8
17.Re1e2 f6
18.Re2d2 Rd8xd2
19.Be3xd2 Rb8d8
20.Rc1d1 Bg6xc2
21.Bf3c6 Bc2xd1
{ abandon }0-1

[Event "Eq:Vikings-La Diagonale du Fou :"]
[Site "www.echecsemail.com"]
[Date "2026.01.28"]
[Round "1"]
[White "Seb"]
[Black "Mimie"]
[WhiteElo "1920"]
[BlackElo "1710"]
[Result "1-0"]
1.d4 d6
2.c4 c5
3.d5 Bc8f5
4.Nb1c3 Ng8f6
5.f3 e6
6.g4 Bf5g6
7.h4 h6
8.e3 Bf8e7
9.Bf1d3 Bg6xd3
10.Qd1xd3 e5
11.Ng1e2 Nb8a6
12.a3 Qd8b6
13.Nc3a4 Qb6a5
14.Na4c3 Na6b4
15.Qd3d1 Nb4a6
16.Bc1d2 Qa5c7
17.Ne2g3 g6
18.Qd1c2 O-O
19.h5 Nf6xg4
20.fxg4 Na6b8
21.hxg6 fxg6
22.Qc2xg6 { abandon }1-0

[Event "Coupe Niveau 1"]
[Site "www.echecsemail.com"]
[Date "2026.01.28"]
[Round "1"]
[White "4x4"]
[Black "Katastrofic"]
[WhiteElo "1480"]
[BlackElo "1390"]
[Result "0-1"]
1.e4 c5
2.Bf1c4 e6
3.d3 Bf8e7
4.Nb1c3 d6
5.Bc4b5 Bc8d7
6.Bb5xd7 Nb8xd7
7.Bc1e3 e5
8.Nc3d5 Ng8f6
9.c4 Nf6xd5
10.exd5 Be7g5
11.Ng1f3 Bg5xe3
12.fxe3 O-O
13.e4 a6
14.Qd1d2 b5
15.b3 b4
16.a4 a5
17.O-O-O f5
18.Nf3g5 Rf8f6
19.Ng5e6 Qd8e7
20.h3 Nd7f8
21.exf5 Rf6xf5
22.g4 Rf5f7
23.Rh1f1 Rf7xf1
24.Rd1xf1 Nf8xe6
25.dxe6 Qe7xe6
26.Rf1f5 Ra8f8
27.Qd2f2 Rf8xf5
28.Qf2xf5 Qe6xf5
29.gxf5 Kf7
30.Kd2 Kf6
31.Ke3 Kxf5
32.Kf3 g5
33.Ke3 h5
34.Kf3 g4
35.hxg4 hxg4
36.Kg3 Kg5
37.Kf2 Kf4
38.Ke2 g3
39.Kf1 Ke3
40.Kg2 Kxd3
41.Kxg3 Kc3
42.Kf3 Kxb3
43.Ke4 Kxc4
44.Kf5 b3
45.Ke6 b2
46.Kxd6 e4
47.Kc6 b1Q
48.Kd6 e3
{ abandon }0-1

[Event "CHATURANGA"]
[Site "www.echecsemail.com"]
[Date "2026.01.28"]
[Round "1"]
[White "Leredoutable"]
[Black "Titit1"]
[WhiteElo "1750"]
[BlackElo "1480"]
[Result "1-0"]
1.e4 e5
2.Ng1f3 Ng8f6
3.Bf1c4 Bf8d6
4.O-O O-O
5.Nb1c3 Nb8c6
6.Rf1e1 Bd6c5
7.Nc3d5 d6
8.d3 Nf6g4
9.h3 Bc5xf2
10.Kh1 Ng4f6
11.Nd5xf6 Qd8xf6
12.Re1f1 Bf2g3
13.Nf3g5 h6
14.Rf1xf6 hxg5
15.Rf6f1 Nc6d4
16.c3 Nd4e6
17.Qd1g4 Bg3f4
18.Bc1xf4 exf4
19.Qg4h5 Bc8d7
20.d4 c6
21.d5 cxd5
22.exd5 Ne6c5
23.Qh5xg5 Nc5e4
24.Qg5xf4 Ne4c5
25.Qf4xd6 Nc5a4
26.Qd6xd7 Na4xb2
27.Bc4b3 Nb2d3
28.Ra1d1 Nd3c5
29.Qd7b5 b6
30.d6 Ra8d8
31.d7 Kh8
32.Rf1xf7 Rf8xf7
33.Bb3xf7 Nc5e4
34.Qb5h5 1-0

[Event "Transval 2"]
[Site "www.echecsemail.com"]
[Date "2026.01.28"]
[Round "1"]
[White "Fouvolant"]
[Black "Titit1"]
[WhiteElo "1370"]
[BlackElo "1450"]
[Result "1-0"]
1.e4 Ng8f6
2.e5 Nf6d5
3.d4 e6
4.Ng1f3 h6
5.c4 Nd5b6
6.Nb1c3 Bf8b4
7.Bc1d2 O-O
8.Ra1c1 Nb6xc4
9.Bf1xc4 d5
10.Bc4b3 Nb8c6
11.O-O a5
12.a3 Bb4e7
13.Bb3a2 b6
14.Nc3xd5 Bc8b7
15.Nd5c3 Bb7a6
16.Rf1e1 b5
17.Nc3e4 Nc6xd4
18.Nf3xd4 Qd8xd4
19.Bd2c3 Qd4b6
20.Ne4f6 gxf6
21.exf6 Be7c5
22.Qd1g4 Kh8
23.Qg4g7 1-0

[Event "Tournoi n27414"]
[Site "www.echecsemail.com"]
[Date "2026.01.28"]
[Round "1"]
[White "Turbo"]
[Black "Fouvolant"]
[WhiteElo "1360"]
[BlackElo "1410"]
[Result "0-1"]
1.e4 c5
2.Bf1c4 e6
3.Ng1f3 Nb8c6
4.O-O Qd8c7
5.h3 a6
6.a4 Ng8f6
7.b3 Nf6xe4
8.Nb1c3 Ne4f6
9.d4 d5
10.Bc4d3 cxd4
11.Nc3e2 e5
12.c3 e4
13.Nf3xd4 exd3
14.Qd1xd3 Bf8e7
15.Bc1f4 Qc7d8
16.Nd4f5 O-O
17.Qd3g3 Bc8xf5
18.Bf4h6 Nf6h5
19.Qg3e3 gxh6
20.g4 Be7g5
21.Qe3c5 Bf5g6
22.gxh5 Bg6xh5
23.Ne2g3 Bh5g6
24.Ra1d1 Nc6e7
25.f4 Bg5h4
26.Kh2 Ra8c8
27.Qc5d4 Bh4xg3
28.Kxg3 Ne7f5
29.Kg4 Qd8h4
30.Kf3 Bg6h5
31.Kg2 Qh4g3
32.Kh1 Qg3xh3
33.Kg1 Qh3g3
34.Kh1 Bh5f3
35.Rf1xf3 Qg3xf3
36.Kg1 Nf5xd4
{ abandon }0-1

[Event "1001"]
[Site "www.echecsemail.com"]
[Date "2026.01.28"]
[Round "1"]
[White "Mindthegap"]
[Black "Katastrofic"]
[WhiteElo "1430"]
[BlackElo "1380"]
[Result "0-1"]
1.Ng1f3 d5
2.d4 e6
3.Nb1c3 Bf8e7
4.Bc1f4 h6
5.Nc3b5 Be7d6
6.Bf4xd6 cxd6
7.e3 a6
8.Nb5c3 Nb8c6
9.Bf1d3 Ng8f6
10.O-O O-O
11.h4 b6
12.Nf3g5 e5
13.Qd1f3 e4
14.Qf3g3 exd3
15.cxd3 Rf8e8
16.Ra1e1 hxg5
17.hxg5 Nf6h7
18.f4 g6
19.Nc3e2 Bc8f5
20.Qg3h4 f6
21.Ne2g3 Bf5xd3
22.Qh4h6 Bd3xf1
23.Re1xf1 f5
24.Qh6xg6 Kh8
25.Ng3xf5 Re8g8
26.Qg6h5 Qd8e8
27.Nf5xd6 Qe8g6
28.Nd6f7 Kg7
29.Qh5xg6 Kxg6
30.Nf7h6 Rg8f8
31.f5 Kxg5
32.Rf1f4 Kxh6
33.Rf4h4 Kg7
34.Rh4g4 Kh8
{ abandon }0-1

[Event "ZGOUGOU"]
[Site "www.echecsemail.com"]
[Date "2026.01.28"]
[Round "1"]
[White "Youliyouli"]
[Black "Intrigue"]
[WhiteElo "1870"]
[BlackElo "1760"]
[Result "1-0"]
1.e4 e5
2.Ng1f3 Nb8c6
3.Nb1c3 Ng8f6
4.Bf1c4 Bf8c5
5.O-O O-O
6.a3 h6
7.d3 a6
8.h3 b5
9.Bc4a2 d6
10.b4 Bc5b6
11.Nc3d5 Nf6xd5
12.Ba2xd5 Bc8b7
13.c3 Rf8e8
14.c4 bxc4
15.dxc4 Ra8b8
16.Qd1b3 Nc6d4
17.Nf3xd4 Bb6xd4
18.Bc1b2 Bb7xd5
19.cxd5 Bd4xb2
20.Qb3xb2 Qd8g5
21.Ra1c1 Re8c8
22.Rc1c6 Rb8b6
23.Qb2c2 Rb6xc6
24.Qc2xc6 Qg5d2
25.Qc6xa6 Rc8e8
26.Qa6c6 Qd2b2
27.Qc6xe8 { abandon }1-0

[Event "Tournoi n27408"]
[Site "www.echecsemail.com"]
[Date "2026.01.28"]
[Round "1"]
[White "Blackrider"]
[Black "Verson"]
[WhiteElo "1740"]
[BlackElo "1840"]
[Result "1-0"]
1.e4 e6
2.g3 d5
3.e5 c5
4.c3 Nb8c6
5.d4 Qd8b6
6.Ng1f3 cxd4
7.cxd4 Bf8b4
8.Nb1c3 Ng8e7
9.Ra1b1 O-O
10.Bf1g2 Ne7f5
11.Bc1e3 Nf5xe3
12.fxe3 f6
13.O-O fxe5
14.Kh1 e4
15.Nf3e5 Nc6xe5
16.dxe5 Bc8d7
17.Rf1xf8 Ra8xf8
18.Qd1e1 Bd7b5
19.a3 Bb4c5
20.Nc3d1 Bc5d4
21.exd4 Qb6xd4
22.Nd1c3 Bb5d3
23.Rb1d1 Qd4xe5
24.Rd1xd3 Qe5f5
25.Rd3d1 Qf5f2
26.Qe1xf2 Rf8xf2
27.Rd1b1 Kf7
28.Kg1 e3
29.Nc3d1 Rf2d2
30.Nd1xe3 b6
31.Ne3f1 Rd2d3
32.Rb1e1 Kf6
33.Nf1e3 Rd3d2
34.Re1b1 d4
35.Ne3c4 Rd2c2
36.Nc4d6 Ke5
37.Nd6f7 Kf6
38.Nf7d6 e5
39.Nd6e4 Ke7
40.Ne4f2 Kf6
41.Bg2e4 Rc2c5
42.Be4xh7 g6
43.Nf2e4 Kg7
44.Ne4xc5 { abandon }1-0

[Event "Défi( 10J+24H/c 10J Max )"]
[Site "www.echecsemail.com"]
[Date "2026.01.28"]
[Round "1"]
[White "Titit1"]
[Black "Mindthegap"]
[WhiteElo "1490"]
[BlackElo "1440"]
[Result "1-0"]
1.d4 f5
2.Ng1f3 g6
3.Nb1c3 e6
4.e4 Bf8b4
5.Bc1d2 Bb4xc3
6.Bd2xc3 fxe4
7.Nf3d2 Ng8f6
8.Bf1b5 c6
9.Bb5e2 Qd8c7
10.O-O d5
11.f3 Qc7b6
12.fxe4 Nf6xe4
13.Nd2xe4 dxe4
14.Qd1d2 e5
15.Kh1 Bc8f5
16.dxe5 Nb8d7
17.Ra1d1 O-O-O
18.Qd2d6 Qb6c7
19.Qd6a3 b5
20.Bc3a5 Qc7b8
21.Ba5xd8 Rh8xd8
22.Qa3a6 Qb8b7
23.Qa6xb7 Kxb7
24.h3 Kc7
25.c4 e3
26.g4 Bf5e4
27.Kg1 Nd7xe5
28.Rd1xd8 Kxd8
29.Rf1f8 Ke7
30.Rf8a8 bxc4
31.Ra8xa7 Kd6
32.Ra7xh7 g5
33.Rh7h5 Be4d3
34.Kf1 Kd5
35.Rh5xg5 c3
36.bxc3 Ke4
37.h4 Ne5f7
38.Be2xd3 Kxd3
39.Rg5f5 e2
40.Ke1 Nf7d6
41.Rf5f6 Nd6e4
42.Rf6xc6 Ne4xc3
43.Rc6xc3 { abandon }1-0

[Event "Eq:Avalon-Vikings :"]
[Site "www.echecsemail.com"]
[Date "2026.01.28"]
[Round "1"]
[White "Mick13"]
[Black "Gege62111"]
[WhiteElo "1790"]
[BlackElo "1720"]
[Result "1-0"]
1.e4 e5
2.Ng1f3 Nb8c6
3.d4 d6
4.d5 Nc6e7
5.Bf1d3 Ng8f6
6.h3 c6
7.Nb1c3 cxd5
8.exd5 Ne7xd5
9.Nc3xd5 a6
10.Bc1g5 Bf8e7
11.Qd1d2 Nf6xd5
12.Bd3c4 Nd5b6
13.Bc4b3 O-O
14.O-O-O h6
15.Bg5xe7 Qd8xe7
16.Qd2xd6 Qe7xd6
17.Rd1xd6 Nb6d7
18.Rh1e1 Kh8
19.Nf3xe5 Nd7xe5
20.Re1xe5 Bc8e6
21.Bb3xe6 fxe6
22.Rd6xe6 Rf8xf2
23.Re5e2 Rf2f1
24.Kd2 Ra8d8
25.Kc3 Rd8c8
26.Kb3 Rc8f8
27.c4 Rf1f2
28.a4 Rf2f6
29.Re6e3 Rf6f2
30.Kb4 Rf8f5
31.b3 a5
32.Ka3 b6
33.Re3e6 Rf2xe2
34.Re6xe2 Rf5f6
35.b4 axb4
36.Kxb4 Rf6f5
37.Re2b2 Rf5g5
38.Kc3 Rg5g3
39.Kd4 Rg3g6
40.c5 bxc5
41.Kxc5 Rg6g5
42.Kd4 Rg5a5
43.Rb2a2 g5
44.Kc4 Kg7
45.Kb4 Ra5a8
46.a5 h5
47.a6 Kg6
48.a7 h4
49.Kb5 Kh5
50.Kb6 g4
51.Ra2a5 Kg6
52.hxg4 Kh6
53.Ra5c5 Ra8g8
54.Kb7 Rg8g7
55.Rc5c7 Rg7g8
56.Rc7c8 Rg8g7
57.Kb8 Rg7xg4
58.a8Q Rg4g3
59.Qa8a6 Kh5
60.Qa6f6 Rg3xg2
61.Rc8h8 { abandon }1-0

[Event "Défi"]
[Site "www.echecsemail.com"]
[Date "2026.01.28"]
[Round "1"]
[White "Solnic"]
[Black "Dan84"]
[WhiteElo "1290"]
[BlackElo "1620"]
[Result "0-1"]
1.d4 d5
2.f4 f5
3.e3 a6
4.Ng1f3 Nb8c6
5.Nb1c3 e6
6.Nf3g5 Qd8f6
7.h4 g6
8.h5 h6
9.Nc3a4 hxg5
10.g4 gxh5
11.gxh5 g4
12.Na4c5 Qf6h6
13.b3 Ng8f6
14.Bf1g2 Nf6xh5
15.c4 Qh6g7
16.Bc1d2 Nh5g3
17.Rh1g1 Ng3e4
18.Bg2xe4 dxe4
19.d5 exd5
20.Qd1c1 Rh8h2
21.Bd2c3 Qg7e7
22.Qc1d1 Qe7xc5
23.a3 Qc5xe3
24.Qd1e2 Qe3xe2
0-1

[Event "Tournoi n27350"]
[Site "www.echecsemail.com"]
[Date "2026.01.28"]
[Round "1"]
[White "Jmarcboury"]
[Black "Gulliver"]
[WhiteElo "2220"]
[BlackElo "2350"]
[Result "1/2-1/2"]
1.d4 d6
2.c4 Ng8f6
3.Nb1c3 g6
4.Ng1f3 Bf8g7
5.e4 c5
6.dxc5 Qd8a5
7.Bc1d2 Qa5xc5
8.Bd2e3 Qc5a5
9.Bf1d3 Bc8g4
10.O-O Nb8c6
11.Ra1c1 Nf6d7
12.h3 Bg4xf3
13.Qd1xf3 Bg7xc3
14.Rc1xc3 Qa5xa2
15.Rf1b1 Qa2a5
16.Rc3a3 Qa5c7
17.Be3h6 Nc6e5
18.Qf3e2 Ne5xd3
19.Qe2xd3 Nd7e5
20.Qd3b3 a6
21.Qb3c2 Qc7xc4
22.Ra3c3 Qc4b5
23.Rc3c8 Kd7
24.Rc8c7 Ke8
25.Rc7c8 Kd7
26.Rc8c7 Ke8
27.Rc7c8 Kd7
28.Rc8c7 Ke8
29.Rc7c8 Kd7
1/2-1/2

[Event "Tournoi n27399"]
[Site "www.echecsemail.com"]
[Date "2026.01.28"]
[Round "1"]
[White "Jyfsk"]
[Black "Tiounet"]
[WhiteElo "1790"]
[BlackElo "1660"]
[Result "1-0"]
1.e4 a6
2.d4 b5
3.Ng1f3 Bc8b7
4.d5 Ng8f6
5.Bf1d3 g6
6.O-O Bf8g7
7.c3 O-O
8.Bc1e3 d6
9.Nb1d2 c6
10.dxc6 Nb8xc6
11.a3 Nc6a5
12.b4 Na5c6
13.h3 Nf6d7
14.Be3d4 Nc6xd4
15.cxd4 Ra8c8
16.Ra1c1 Rc8xc1
17.Qd1xc1 Qd8a8
18.Nd2b3 Rf8c8
19.Qc1d2 Bb7xe4
20.Bd3xe4 Qa8xe4
21.Rf1e1 Qe4d5
22.Qd2d3 Rc8c4
23.Re1xe7 Nd7f6
24.Nb3a5 Rc4c8
25.Re7a7 Nf6h5
26.Ra7xa6 Nh5f4
27.Qd3d2 Nf4e6
28.Qd2e2 Ne6xd4
29.Nf3xd4 Qd5xd4
30.Na5c6 Qd4a1
31.Kh2 Bg7e5
32.Nc6xe5 Qa1xe5
33.Qe2xe5 dxe5
34.Ra6b6 Rc8c2
35.Rb6xb5 Rc2xf2
36.Rb5xe5 Rf2a2
37.Re5a5 Kf8
38.b5 Ra2b2
39.a4 Rb2b4
40.Ra5a7 Kg7
41.Ra7a8 h5
42.Ra8a6 h4
43.b6 g5
44.a5 Kf8
45.Ra6a7 Ke8
46.b7 Kd7
47.b8Q { abandon }1-0

[Event "Défi"]
[Site "www.echecsemail.com"]
[Date "2026.01.28"]
[Round "1"]
[White "Xercott"]
[Black "Vvvv"]
[WhiteElo "1810"]
[BlackElo "1690"]
[Result "1-0"]
1.e4 g6
2.d4 d6
3.Ng1f3 Bf8g7
4.c3 Nb8d7
5.Bf1c4 a6
6.O-O e6
7.Rf1e1 b5
8.Bc4f1 Ng8f6
9.e5 dxe5
10.dxe5 Nf6g8
11.Bc1g5 f6
12.exf6 Nd7xf6
13.Qd1xd8 Kxd8
14.Nf3e5 Ke7
15.Nb1a3 h6
16.Ne5xg6 { abandon }1-0